| 000 | 01045aam a2200337 a 4500 | ||
|---|---|---|---|
| 999 |
_c32351 _d32351 |
||
| 003 | BJBSDDR | ||
| 005 | 20230410105223.0 | ||
| 007 | ta | ||
| 008 | 910130s1990 sp 000 0 spa | ||
| 020 | _a8478630120 | ||
| 020 | _a9788478630127 | ||
| 035 | _a(OCoLC)ocm23140279 | ||
| 035 | _a(OCoLC)23140279 | ||
| 040 |
_aDLC _cBJBSDDR _bspa |
||
| 041 | _aspa | ||
| 043 | _aee----- | ||
| 050 | 1 | 4 |
_aHX 36 _bL521p 1990 |
| 082 | 0 | 0 |
_a947 _220 |
| 100 | 1 | _aLeguineche, Manuel. | |
| 245 | 1 | 3 |
_aLa primavera del Este : _b1917-1990, la caída del comunismo en la otra Europa / _cManuel Leguineche. |
| 260 |
_aEsplugues de Llobregat, Barcelona : _bPlaza & Janés/Cambio 16, _c1990. |
||
| 300 |
_a512 p. ; _c23 cm. |
||
| 650 | 0 |
_aCommunism _zEurope, Eastern. |
|
| 650 | 7 |
_aEUROPA ORIENTAL _xHISTORIA _y1945- _2renib |
|
| 650 | 7 |
_aCOMUNISMO _zEUROPA ORIENTAL. _2renib |
|
| 650 | 4 |
_aComunismo _zEuropa _93031 |
|
| 650 | 4 |
_aColección René Villarreal (CRV) _9760 |
|
| 651 | 0 |
_aEurope, Eastern _xHistory _y1945- |
|
| 942 |
_2lcc _cBK |
||
| 946 | _amfcruz | ||